Espaces de Faible Densité (Étude de Cas): Le Catnal. - Statistiques

Statistiques générales
  • Ce quiz a été pris 22 fois
  • Le résultat moyen est 5 sur 8
Statistiques - réponses
Question Réponse % Correct
Quel type de contraintes sont les pentes raides et l'enclavement? Des Contraintes Naturelles.
89%
Dans quel domaine les habitants tentent - t ' ils d'ouvrir de nouvelles entreprises? L' agroalimentaire.
78%
Qu' est - ce que l' enclavement? L' Isolement d'un territoire difficilement accessible.
78%
Dans quelle région se situe le département du Cantal? Auvergne - Rhône - Alpes.
67%
Quelle(s) est(sont) la(les) principale(s) activité(s) économique(s) du Cantal? L' Élevage et l' Exploitation Forestière.
67%
Quelle catégorie de tourisme les habitants du Cantal tentent - t ' ils de développer, à l'aide d'ouvertures de parcs naturels régionaux? Le Tourisme Vert / l' Écotourisme.
67%
Quel est le nom donné à la fermeture de nombreux services publics et de soin dans les zones de faible densité? La Désertification.
56%
Comment pourrions - nous décrire l'évolution de la population et de son âge? Diminution + Vieillissement.
33%
Aucun quiz correspondant
Distribution des résultats
% des personnes avec chaque résultat
Percentile par nombre de réponses
Votre historique - résultats
Vous n’avez pas pris ce quiz